BIBLIOTECA

SENCICO

Painting of colonial Cusco : (Registro nro. 5049)

Detalles MARC
000 -LEADER
fixed length control field 01407nam a22003017a 4500
003 - CONTROL NUMBER IDENTIFIER
control field PE SENCICO BE
005 - DATE AND TIME OF LATEST TRANSACTION
control field 20251020182710.0
008 - FIXED-LENGTH DATA ELEMENTS--GENERAL INFORMATION
fixed length control field 250110b |||||||| |||| 00| 0 eng d
040 ## - CATALOGING SOURCE
Original cataloging agency PE SENCICO BE
Transcribing agency PE SENCICO BE
041 ## - LANGUAGE CODE
Language code of text/sound track or separate title spa
082 ## - DEWEY DECIMAL CLASSIFICATION NUMBER
Classification number 709.8537
Item number P
245 1# - TITLE STATEMENT
Title Painting of colonial Cusco :
Remainder of title artistics splendor in the andes /
Statement of responsibility, etc. texto: Ananda Cohen Suarez, fotografía: Raúl Montero Quispe
250 ## - EDITION STATEMENT
Edition statement 5 ed
260 ## - PUBLICATION, DISTRIBUTION, ETC.
Place of publication, distribution, etc. Cusco :
Name of publisher, distributor, etc. Haynanka ediciones ;
Date of publication, distribution, etc. 2015
300 ## - PHYSICAL DESCRIPTION
Extent 197 p. :
Other physical details ilustraciones color, láminas ;
Dimensions 30 cm.
500 ## - GENERAL NOTE
General note En la cubierta: se presentan 158 pinturas reproducidas en alta calidad, a todo color y con dimensiones apropiadas para su estudio ..."
505 0# - FORMATTED CONTENTS NOTE
Formatted contents note The Virgin Mary -- Advocations of the Virgin -- Scenes from the Life of Christ -- Saint -- Allegories -- The four Last Things -- Angels -- The Corpus Series -- The Zodiac Series -- Mannerism in the Andes -- Genealogical trees and lineages -- The indigenous presence in religious art -- The human body in religious peinting -- Landscape
650 10 - SUBJECT ADDED ENTRY--TOPICAL TERM
9 (RLIN) 83
Topical term or geographic name entry element Arte
650 20 - SUBJECT ADDED ENTRY--TOPICAL TERM
9 (RLIN) 2802
Topical term or geographic name entry element Arte colonial
650 20 - SUBJECT ADDED ENTRY--TOPICAL TERM
9 (RLIN) 2803
Topical term or geographic name entry element Arte religioso
650 20 - SUBJECT ADDED ENTRY--TOPICAL TERM
9 (RLIN) 2775
Topical term or geographic name entry element Arte peruano
650 20 - SUBJECT ADDED ENTRY--TOPICAL TERM
9 (RLIN) 2804
Topical term or geographic name entry element Pintura colonial
651 #0 - SUBJECT ADDED ENTRY--GEOGRAPHIC NAME
9 (RLIN) 661
Geographic name Perú
700 1# - ADDED ENTRY--PERSONAL NAME
9 (RLIN) 2805
Personal name Cohen Suarez, Ananda
Relator term texto
700 1# - ADDED ENTRY--PERSONAL NAME
9 (RLIN) 2806
Personal name Montero Quispe, Raúl
Relator term fotografía
910 ## - USER-OPTION DATA (OCLC)
User-option data hfp
-- hfp
-- hfp
942 ## - ADDED ENTRY ELEMENTS (KOHA)
Source of classification or shelving scheme Dewey Decimal Classification
Koha item type Libros
Existencias
Fecha de la última vez que lo usaron Pago total Signatura topográfica completa Código de barras Precio efectivo desde Tipo de documento Estado perdido Sistema de clasificación Estado dañado No es para préstamo Retirado Ubicación permanente Ubicación actual Fecha de adquisición Fuente de adquisición
10/01/2025   709.8537/P BibLima25010016 10/01/2025 Libros   Dewey Decimal Classification       Biblioteca Central Lima Biblioteca Central Lima 18/11/2024 Comprado de la librería Megabook